ISO9000 BS5750 made easy : a practical guide to quality (Record no. 68663)

000 -LEADER
fixed length control field 00462nam a22001697a 4500
003 - CONTROL NUMBER IDENTIFIER
control field NUST - PNEC
005 - DATE AND TIME OF LATEST TRANSACTION
control field 20170116181058.0
008 - FIXED-LENGTH DATA ELEMENTS--GENERAL INFORMATION
fixed length control field 151002b xxu||||| |||| 00| 0 eng d
020 ## - INTERNATIONAL STANDARD BOOK NUMBER
International Standard Book Number 0749412755
040 ## - CATALOGING SOURCE
Transcribing agency LIBRARY
082 ## - DEWEY DECIMAL CLASSIFICATION NUMBER
Classification number 658.5 SAD
100 ## - MAIN ENTRY--PERSONAL NAME
9 (RLIN) 12222
Personal name Sadgrove, Kit
245 ## - TITLE STATEMENT
Title ISO9000 BS5750 made easy : a practical guide to quality
Statement of responsibility, etc. Kit Sadgrove
260 ## - PUBLICATION, DISTRIBUTION, ETC.
Date of publication, distribution, etc. c.1994
650 ## - SUBJECT ADDED ENTRY--TOPICAL TERM
9 (RLIN) 12224
Topical term or geographic name entry element Quality control--Standards
General subdivision MIS
942 ## - ADDED ENTRY ELEMENTS (KOHA)
Source of classification or shelving scheme
Koha item type Book
Holdings
Withdrawn status Lost status Source of classification or shelving scheme Damaged status Not for loan Permanent Location Current Location Shelving location Date acquired Total Checkouts Full call number Barcode Date last seen Price effective from Koha item type
          Pakistan Navy Engineering College (PNEC) Pakistan Navy Engineering College (PNEC)       658.5 SAD PNECLIB-020173 10/02/2015   Book
© 2023 Central Library, National University of Sciences and Technology. All Rights Reserved.